[Event "Haring"]
[Site "?"]
[Date "2021.08.01"]
[Round "3"]
[White "Yan, Ruiyang"]
[Black "Hoesley, Aria"]
[Result "1-0"]
[WhiteElo "2245"]
[BlackElo "2077"]
[Annotator "Yan"]
[PlyCount "95"]
[EventDate "2021.??.??"]
[SourceTitle "CL 11.2021"]
[SourceDate "2021.11.01"]
[SourceVersion "1"]
[SourceVersionDate "2021.11.01"]
[SourceQuality "1"]

{[%evp 0,93,19,31,80,70,92,50,72,71,85,40,43,39,41,0,44,54,57,51,58,55,41,38,
76,36,90,70,105,96,129,95,144,156,143,154,179,140,154,155,155,146,150,128,150,
141,130,127,132,138,207,176,176,179,179,179,172,171,171,171,238,240,252,255,
238,156,165,149,171,133,147,143,177,145,163,163,176,172,169,152,174,325,320,
349,399,526,526,654,678,740,771,807,852,915,939,964] This is the first time I
have played in the WIM Ruth Haring Invitational. The tournament was
magnificently held, and it greatly exceeded my expectations of what I had
expected. I would like to thank all the organizers and sponsors for
contributing to this!} 1. e4 g6 2. d4 Bg7 3. Nf3 {I don't usually play this
line, but under the recommendation of my coach, I decided to give this line a
go.} (3. Nc3 {with the idea to go Be3, Qd2, 0-0-0, and attack on the kingside})
3... d6 4. Bc4 Nf6 5. Qe2 O-O 6. O-O Bg4 ({I was expecting} 6... c6 {this is
probably Black's main idea here, to go Qc7, Nbd7, and e5. In some cases, Black
can have some ...d5 ideas.}) 7. Rd1 c6 8. Bb3 Qc7 9. h3 Bxf3 10. Qxf3 Nbd7 11.
Nc3 h6 12. Be3 e5 13. dxe5 ({I was considering} 13. Qe2 {or a variation of
this move, but I soon realized the resulting position did not look very good
for white...} exd4 14. Bxd4 Rae8 {[%csl Re4]}) 13... dxe5 14. a4 a5 15. Rd2
Rad8 16. Rad1 b6 17. Bc4 Kh7 18. h4 $5 {My idea here was to go Qh3, and put
pressure on the d7 knight. My friend later suggested to me another plan for
white: to go g4!? and g5...} Nc5 {Although this just gives up a pawn, there
isn't really anything else Black can do.} ({For example,} 18... Rde8 19. Rd6 $1
{[%csl Rd7,Rf6] and none of Black's pieces can move around easily.}) 19. Rxd8
Rxd8 20. Rxd8 Qxd8 21. Bxf7 Qe7 22. Ba2 h5 23. Bg5 Qd6 24. g3 {At this point,
I knew I was better, but I felt that if she just "held" on, and didn't do
anything drastic, I will still have a lot of work to do.} Ng4 $2 {This however,
just allowed my Queen to go into the 7th rank, which is usually never a good
thing.} ({For example,} 24... Ncd7 {would be just fine. I don't have an easy
way to break through her defences.}) 25. Qf7 Qf8 (25... Nf6 $5 {I thought this
was a better defence, but my position is a great improvement from two moves
ago.} 26. Bxf6 {and Qg8 ideas doesn't quite work, as} Qxf6 27. Qg8+ ({The
computer recommends} 27. Qc7 {, but at this point Black would have a lot more
chances to try to create some counterplay.} g5 $5 28. hxg5 Qxg5 29. Qxb6 {
White is still winning, but I prefer to keep the position closed and under
control.}) 27... Kh6 {and Black's king is not so easy to attack.}) 26. Qxf8
Bxf8 27. f3 Nh6 28. Kf1 $18 Nb7 29. Be6 Bb4 30. Bd7 Bxc3 31. bxc3 Nf7 32. Be3 (
{Here I have to be careful not to play} 32. Bxc6 {, as} Nxg5 33. hxg5 Nc5 {
and Black gets some counterplay.}) 32... c5 33. Be6 Kg7 34. c4 Kf6 35. Bd5 $18
Nbd6 36. f4 Ke7 37. Ke2 Ne8 38. Bd2 Nf6 39. Bc3 Ng4 40. Bxf7 Kxf7 41. Bxe5 Nxe5
42. fxe5 Ke6 43. Kf3 Kxe5 44. Ke3 Ke6 45. Kf4 Kf6 46. e5+ Ke6 47. Ke4 {1--0}
Kf7 (47... Ke7 48. Kd5 Kd7 49. e6+ Ke7 50. Ke5) 48. Kd5 1-0

[Event "Denker"]
[Site "?"]
[Date "2021.08.01"]
[Round "2.4"]
[White "Liang, Awonder"]
[Black "Ladan, Nicholas"]
[Result "1-0"]
[WhiteElo "2674"]
[BlackElo "2199"]
[Annotator "Lawrence"]
[PlyCount "94"]
[EventDate "2021.??.??"]
[SourceTitle "CL 11.2021"]
[SourceDate "2021.11.01"]
[SourceVersion "1"]
[SourceVersionDate "2021.11.01"]
[SourceQuality "1"]

{[%evp 0,94,19,38,25,16,14,23,71,49,62,29,19,31,48,37,39,36,67,50,50,43,45,-4,
-24,17,3,42,7,9,12,-4,-41,-29,-29,-30,-27,-32,-53,-51,39,34,34,-125,-100,-70,
-55,-142,-128,-92,-85,-82,-95,-86,-59,-68,-49,-61,50,47,62,105,266,270,270,202,
213,182,171,140,100,126,245,243,243,254,253,242,459,493,493,544,506,705,733,
732,738,741,1029,1184,1468,1468,1596,1652,1682,1836,2157]} 1. e4 e5 2. Nf3 Nc6
3. Bb5 g6 4. d4 exd4 5. c3 a6 6. Ba4 Bg7 7. cxd4 b5 8. Bc2 Nf6 9. e5 Nd5 10.
Bg5 f6 11. Bh4 Bb7 12. Be4 Nf4 13. O-O d5 14. exd6 Qxd6 15. a4 O-O 16. axb5
axb5 17. Rxa8 Bxa8 18. Nc3 f5 19. Nxb5 {[#]} fxe4 20. Nxd6 exf3 21. g3 (21.
Qb3+ Kh8 22. Nf7+ Rxf7 23. Qxf7 $2 (23. Qxf3 $1 Rf8 24. Ra1 Bb7 25. Rd1 Ba8 26.
Qe3 Nb4) 23... Ne2+ 24. Kh1 fxg2+ 25. Kxg2 Ne5+) 21... Ne2+ 22. Kh1 cxd6 23. d5
(23. Qb3+ Kh8 24. Qa3 Nexd4 25. Qxd6 (25. g4)) 23... Ncd4 24. Be7 Rc8 25. Qa4
Bxd5 26. Bxd6 h6 27. Qa5 Be6 28. h4 g5 29. hxg5 hxg5 (29... Nf5) 30. Qxg5 Kh7
31. Qh5+ Kg8 32. Ra1 Bf7 33. Qg4 Re8 34. Ra6 Re6 35. Bc7 Nc6 36. Ra8+ Kh7 37.
Qf5+ Rg6 38. Qxf3 Rh6+ 39. Kg2 Bh5 40. Qe4+ Rg6 41. Ra1 Bh6 42. Rh1 Bg4 43. f3
Bxf3+ 44. Qxf3 Ned4 45. Qf7+ Rg7 46. Qh5 Rg6 47. Bf4 Ne2 1-0

[Event "Denker"]
[Site "?"]
[Date "2021.08.03"]
[Round "6.4"]
[White "Liang, Awonder"]
[Black "Yip, Carissa"]
[Result "1-0"]
[WhiteElo "2674"]
[BlackElo "2506"]
[Annotator "Lawrence"]
[PlyCount "76"]
[EventDate "2021.??.??"]
[SourceTitle "CL 11.2021"]
[SourceDate "2021.11.01"]
[SourceVersion "1"]
[SourceVersionDate "2021.11.01"]
[SourceQuality "1"]

1. e4 e5 2. Nf3 Nc6 3. Bb5 a6 4. Ba4 Nf6 5. O-O b5 6. Bb3 Bb7 7. d3 Be7 8. c4
O-O 9. Nc3 bxc4 10. Bxc4 d6 11. Be3 Na5 12. Bd5 c6 13. Bxf7+ Rxf7 14. b4 Bc8
15. bxa5 Bg4 16. Kh1 Nh5 17. Qb3 Bxf3 18. gxf3 Qd7 19. Ne2 Raf8 20. Rab1 Bd8
21. Ng1 Bxa5 22. Qa4 Bc3 23. Rfc1 Bd4 24. Qxc6 Qa7 25. Re1 Qe7 26. Qxa6 Nf4 27.
Rec1 Qg5 28. Bxf4 Qxf4 29. Rc8 h6 30. Rbb8 Rxc8 31. Qxc8+ Kh7 32. Qg8+ Kg6 33.
Qe8 Kh7 34. Qg8+ Kg6 35. Rd8 Bxf2 36. Rxd6+ Kh5 37. Qc8 Qg5 (37... Bxg1 38.
Kxg1 (38. Qh3+ Qh4 (38... Kg5 39. Kxg1 Qe3+ 40. Kg2 Qe2+) 39. Qxh4+ Kxh4 40.
Kxg1 Rxf3 41. a3 Re3 42. Kf2 Rh3)) 38. Nh3 Qc1+ (38... Qh4 39. Qe6 Rf6 40. Qe8+
g6 41. Qxe5+ Rf5) 1-0

[Event "Irwin"]
[Site "?"]
[Date "2021.08.03"]
[Round "6.1"]
[White "Khmelnitsky, Igor"]
[Black "Eckert, Doug"]
[Result "1-0"]
[WhiteElo "2488"]
[BlackElo "2266"]
[Annotator "Khmelnitsky"]
[PlyCount "105"]
[EventDate "2021.??.??"]
[SourceTitle "CL 11.2021"]
[SourceDate "2021.11.01"]
[SourceVersion "1"]
[SourceVersionDate "2021.11.01"]
[SourceQuality "1"]

{I haven't been playing much since 1996. My family and my professional career
would not allow me to commit 6+ hours per day that I felt were needed to
maintain and possibly improve my 2600 USCF rating. But chess is my love, so I
managed to stay involved - I continue with private coaching, wrote and
published 3 best-selling books in Chess Exam series aimed to help readers to
assess their skills, get an estimated rating and use a proven training
template. Occasionally, I would play - initially to satisfy my own craving,
but in the last 5 years, just to be able to hang out with my daughter Nikki,
who is a strong player. On a few occasions we would win Mixed Double prizes at
CCA events. My last event was in New Jersey in February 2020 at USATE, were
myself, my daughter, my student Jack Lieberman and their long-time friend Ram
Singh had tons of fun, including winning 2nd place in the talent competition.
During pandemic, I didn't take part in any official online events. When I was
offered to represent PA in the 2021 US Open Irvin Invitational. I literally
said "it would be my honor." While this may sound corny, I was truly excited
to get out of the house for a few days and compete against strong players that
were my contemporaries and no my daughter's :). The tournament was going well,
still it all came down to the last round, were I was paired against FM Doug
Eckert - both on 4.5/5. Right next to us, IM Doug Root was battling IM Alex
Matross - both on 4/5. My opponent had an incredible event with victories over
titled players GM Finegold, IM Enkhbat, FM Ferreiro. His only draw was against
GM Fedorowics. Thus, going into last round, Doug was way ahead on tiebreaks.
Hence, a draw was never an option for me. On the other hand, it would be
extremely disappointing to come that far and lose in the last round. So, my
plan for the last game was to get somewhat low risk, balanced position and see
what happens.} 1. e4 e5 2. Nf3 {[%emt 0:00:04]} Nc6 3. Bb5 a6 4. Bxc6 dxc6 5.
O-O Qf6 {[%emt 0:00:00] The first surprise - before the game, I reviewed more
popular Black's responses, including a number of sharper lines, such double
edged 5... Bg4. The move 5...Qf6, is probably 5th by the number of games
played, but, as I later learned, has one of the better winning percentages for
Black.} 6. d4 exd4 7. Qxd4 {I knew that the main line was 7.Bg5, but didn't
feel like I am ready for an opening dispute. Hence I decided to settle for a
less ambitious offer to trade the Queens.} Qxd4 8. Nxd4 Bd7 9. Be3 O-O-O {
[%emt 0:02:36]} 10. Nc3 Re8 {This is approximately equal position - White has
better pawn structure and should prevail if the majority of pieces is traded
off, especially the Rs. Then, the White K will be able to advance and support
his pawns on the K-side. Black has a bishop pair, well protected Q-side and
ability to attack white's K-side, specifically the Pe4.} 11. Nde2 {Diagram #
Th is move appears to be a novelty. There is nothing earth shattering here -
just a prophylactics - N on c3 is over protected in case of ...Bb4. Also, ...
c5 is no longer a concern. P on e4 is a easy target for Black. Protecting it
with Pf3 is not that attractive due to Pf5. Hence, I am prepared to play
Ne2-g3 in the near future. The position is equal.} (11. Rfe1 Bb4) 11... Ne7 12.
h3 f5 {Black makes an excellent decision to start attacking the P on e4.} 13.
Ng3 fxe4 {[%emt 0:00:39]} 14. Ncxe4 b6 15. Rfe1 Nd5 16. Bd2 {The B looks find
on d2. It covers b4 and f4 and allows potential Rook trades along the e-file.}
Be7 17. a3 {Another quiet move, aiming to restrict the Black pieces} Rhf8 18.
Bg5 {Diagram # First success - I trade the Bs removing one of Black's
advantages and inching closer to the endgame I want.} Bxg5 19. Nxg5 Nf6 20. Nf3
{The N is heading to e5 where it will dominate the B.} Rxe1+ 21. Rxe1 Re8 22.
Rxe8+ Bxe8 23. Ne5 {Diagram # For the 1st time I was able to relax and tell
myself that, barring a blunder, I will not lose this game.} c5 24. Nf5 {
Trying to entice ...g6, which will restrict the B even more. There was a sharp
line 24...Nd7 that I considered. I would have a choice to make between a sharp,
but somewhat risky exchange of blows followed by a pawn race, and retreating
my knight, or making another trade (maybe even with a tiny chance of making a
cute checkmate). I am sure I would spent some time there. Instead, after 24...
g6, I spent no time at all.} g6 (24... Nd7 25. Nxg7 {White don't have to go
for this exchange of blows and subsequent pawn race. I could have traded the
Ns. I am sure I would have spent some time here making a decision.} (25. Ne7+
Kb7 (25... Kd8 $4 {Black could have walked into an odd checkmate.} 26. N5c6# {
Diagram #}) 26. Nxd7 (26. N5c6 $14) 26... Bxd7 27. Kh2 $14) 25... Nxe5 26. Nxe8
Nc4 27. Nf6 Nxb2 28. Nxh7 {It is hard to assess this position. it looks like
White should a step or two faster.}) 25. Ne3 Kd8 26. g4 {[%emt 0:00:49]} Ke7
27. f4 Ke6 28. Kg2 Ne4 29. h4 Nd2 30. Kh3 {This odd looking move is the best
way to advance the K to help the pawns while avoiding annoying checks from the
N} Ne4 31. Nf3 Bc6 32. Ng5+ Nxg5+ 33. hxg5 Be4 {We are down to the last piece.
One more trade and it is over. White is aiming at a standard setup - pawns a3,
b2 and c3, which would prevent any pawn breaks. The N will restrict the Black
K from entering. The only question remains - how to get the White K inside the
Black's position.} 34. Kg3 b5 35. c3 $6 {The physical and emotional fatigue is
beginning to set in. With the victory in sight, I am beginning to make
inaccurate moves. This was the first move I was really disappointed with.
White had a nice opportunity to advance his pawn f.} (35. f5+ gxf5 (35... Ke5
36. f6 $18 {Securing the pawn and tying the Black K.}) 36. Kf4 Bxc2 $5 (36...
Bc6 37. gxf5+ $18) 37. Nxc2 fxg4 38. Kxg4 $18 {White should be able to win.})
35... Bd3 36. Kf3 Bb1 37. Ke2 Be4 38. Nf1 {The plan was to get the N to g3, K
to e3 and play Ne4. If the Black K goes to d5, then f5} c4 39. Ke3 Bd3 40. Ng3
Bc2 (40... Kd5 $16 {This move offers more resistance. White has a choice
between 41.b4, 41.f5 and 41.Kf3 aiming at sneaking to g4 after 42.f5 gxf5 43.
gxf5 Ke5.}) 41. Ne4 Bd1 42. Nf2 {[%emt 0:01:12]} Bc2 {[%emt 0:00:56]} 43. Kd4
Kd6 {[%emt 0:02:31] The oddest ng happened here - I made this obvious great
move and then saw "a ghost." I thought, wow, instead I should have played 43.
Kd2 with the idea to take the B out of the game completely. 43...Bb1 44.Kc1
Ba2 45.Ne4 and 46. Nf6 +- . So, instead of moving forward, I moved backwards
with the goal to repeat the position. First of all, I missed the unexpected 44.
..Bf5 (instead of 44...Ba2) with difficulties for White to convert his
advantage. But that was not the worst...} 44. Ke3 $4 {[%emt 0:01:34] White
should be winning fairly easily after 44.Ne4+ either heading to f6 or c5.
Black can pickup the pawn on g4, but it should not be enough.} (44. Ne4+) 44...
Kd5 {[%emt 0:01:00] Diagram # And I realized that the entrance to the Black's
pawns was closed again.} 45. Kf3 {[%emt 0:00:11] I had to calm down and look
for a different idea. I noticed that Black is in a sort of a zugzwang. The
Black K can't move when Ne4 is playable. The Black B on c2 controls both - e4
and d1 (with direct attack on g4). My new plan was to make Black run out of
moves, so the Bc2 leaves its optimal post.} a5 {[%emt 0:01:06]} 46. Ke3 c5 {
[%emt 0:00:48]} 47. Kf3 {[%emt 0:00:39]} b4 {[%emt 0:01:07] I must admit that
when Doug started aggressively moving the pawns, I got a little nervous. I
checked and rechecked my lines. And all looked fine. Perhaps, Black assumed
that my shuffling back and forth was a sign of weakness. At any right, I think
Black started overplaying his hand.} 48. Ke3 {[%emt 0:00:22]} Bb1 {[%emt 0:02:
09] Finally, the B leaves c2 and my N is free to start looking for better
squares.} 49. Nh3 {[%emt 0:01:07] Heading to e5} bxa3 {[%emt 0:01:13]} 50. bxa3
{[%emt 0:00:27]} Kc6 $2 {The Black K goes in the wrong direction. Black
overestimated ability of the B on b1.} 51. Nf2 {[%emt 0:00:10]} Kb5 $4 {
[%emt 0:00:00] Completely missing White's threat. After 51...Kd5, White still
need to exhibit accuracy and patience, but should find a way to overcome the
defense.} (51... Kd5 52. Nh1 Bc2 53. Ng3 Bb1 54. f5 gxf5 55. gxf5 Ke5 56. f6
Bg6 57. Ne4 {Black is trying to hold. The game may go for another 20+ moves. I
will show one sample line} Kd5 58. Kf4 Bf7 59. Nf2 Be6 60. Ng4 Kd6 61. Nh6 $18
{Practice this endgame with a friend or a computer}) 52. Ne4 $18 {[%emt 0:01:
08] Diagram # It is over - the Black K is in "no man's land" - too slow to
help the a-pawn and too far to protect the k-side pawns.} Ka4 {[%emt 0:00:38]}
53. f5 {[%emt 0:00:55] Black resigned and I felt this incredible rush of
excitement of winning an important game and tournament. I missed that
wonderful feeling! I want to give kudos to the US Chess Federation. From the
opening ceremony to the closing to the games in between - everything was top
notch! The participants were great. I met some old friends and made new ones.
Time to hit the books and start getting ready to 2022 US Senior Championship.}
1-0

[Event "Irwin"]
[Site "?"]
[Date "2021.08.01"]
[Round "2"]
[White "Eckert, Doug"]
[Black "Finegold, Benjamin"]
[Result "1-0"]
[WhiteElo "2266"]
[BlackElo "2538"]
[Annotator "Eckert"]
[PlyCount "55"]
[EventDate "2021.??.??"]
[SourceTitle "CL 11.2021"]
[SourceDate "2021.11.01"]
[SourceVersion "1"]
[SourceVersionDate "2021.11.01"]
[SourceQuality "1"]

{[%evp 0,51,18,27,25,-9,37,43,37,39,46,53,52,28,30,35,66,75,135,124,126,118,
116,113,118,128,123,92,194,80,140,135,138,129,129,117,105,121,109,101,101,167,
211,217,265,344,210,174,300,272,326,376,479,532] A56: Czech Benoni [Ben has
been a difficult opponent for me over the years. I won a game against him many
years ago in the 1984 U.S. Junior Championship. Since then 6 straight losses
in classical chess and others in rapid game. I had some psychological hurdles
to get over playing Ben given that history.]} 1. d4 Nf6 2. c4 c5 3. d5 e5 4.
Nc3 d6 5. e4 Be7 6. g3 O-O 7. Bg2 Ne8 8. Nge2 g6 9. Bh6 Ng7 10. Qd2 Nd7 11. O-O
f5 12. exf5 (12. f4 {[Before the game, I had looked at set-ups with f4. During
the game, I became concerned about 12...exf4 for Black. But it is not very
good. Ben plays lots of openings, so it is not possible to prepare too deeply
for him. Therefore, this preparation was more of glancing at some ideas rather
than looking at anything very deeply.]} exf4 13. Nxf4 Ne5 14. Ne6 Nxe6 (14...
Bxe6 15. dxe6 Nxc4 16. Qe2 Ne5 17. Bxg7 Kxg7 18. exf5 gxf5 19. Nd5 $18) 15.
dxe6 Rf6 (15... Nxc4 16. Qe2 Ne5 17. Bxf8 $18) 16. Nd5 Rxe6 17. exf5 $18) 12...
gxf5 13. f4 Nf6 $146 (13... e4 14. g4 fxg4 $6 15. Ng3 $18) 14. h3 $2 ({14 h3
was a reflex action and is a mistake. White should immediately inflict hanging
pawns on Black.]} 14. fxe5 dxe5 15. Rad1 Bd6 $18) 14... Kh8 $2 {[Black gives
White another opportunity.]} (14... e4 {[With the knight already on f6, White
has much more difficulty achieving the g4 break.]} 15. Nd1 $11 (15. g4 fxg4 16.
f5 $13 {[This is a crazy suggestion by the computer that I would not have
played. After it thinks for a while, it does not think White is doing that
great.]})) 15. fxe5 $18 {[The on-line commentators thought this move was
controversial. They felt the Black pawn duo on e5 and f5 was fine and Black
has a blockading square on d6. However, Black is not in time getting to d6
with the knight and after losing the dark squared bishop, Black has decisive
weakness on the Black squares.]} dxe5 16. Rad1 Bd6 (16... Nfe8 17. Qe3 Nd6 (
17... Bf6 18. d6 $18) 18. Qxe5 $18 {Its that simple, Black is not in time.})
17. Nb5 Rg8 $2 (17... Nfe8 18. Qe3 Rf7 19. g4 f4 20. Nxf4 exf4 21. Nxd6 Nxd6
22. Bxf4 {[Even a piece down, Stockfish thinks White is +5. Black cannot move.
A sample finish is.]} Nxc4 23. Qc3 Nd6 24. Bxd6 Rxf1+ 25. Rxf1 Qxd6 26. Rf7 $18
) 18. Bg5 a6 $6 (18... Ngh5 {[Is stronger resistance, but the computer
believes White still has a decisive advantage.}) 19. Nxd6 Qxd6 20. g4 $1 {
[Whenever an opponent has hanging pawns, this attack has to be considered.
When the opponent is behind in development, it is often decisive as it is here.
]} Nfe8 {[After the game, Ben told me he thought he had tricked me into making
a bad weakness with 20 g4.]} 21. Ng3 fxg4 22. h4 $1 {[The live commentators
liked my position, but did not come to grips with just how strong it is.
White's idea is Rf7, Be4 followed by h5 and h6 winning. The Black pawn on g4
just blocks the bishop on c8 and rook on g8. As attractive as Ne4 looks, and
it is probably also winning, it is better to leave the knight on g3 and
prevent Black from putting a piece on f5. Black is totally helpless. I
expected his next move, Qd7, since it is the only way to stop the deadly Rf7.
The only other alternative for him to try is e4.]} Qd7 (22... e4 23. Bf4 Qe7
24. h5 e3 25. Qc3 e2 26. Nxe2 Qxe2 27. Rde1 $18) 23. Qc3 Qd6 24. Rde1 {[Simple
chess, Black cannot defend the dark squares or the pawn on e5.]} h6 25. Bd2 Nf6
26. Rxe5 {[Ben's time ran down to about 20 seconds here before he resigned.
The commentatories were surprised he did. The plan for White is very simple,
play Qe3 and attack the newly created weakness on h6. If Nfe8 in response, Re6
is an interference move that mates. Black's only way to stop mate is to play
Re8 but after Bf4, Black is going to shed lots of material.] 1-0} b5 {1-0} (
26... Re8) (26... a5 27. Qe3 Nfe8 28. Re6) 27. Qe3 Nfe8 (27... Re8) 28. Re6 1-0